• 首页
  • 本馆介绍
  • 公告通知
  • 最新文献
  • 馆藏检索
  • 电子资源
  • 读者导购
  • 参考咨询
  • 我的图书馆
  • 登录
  • 详细信息显示
  • 放入我的书架
  • 预约/预借图书
  • 作者相关作品
  • 分类相关作品
  • 丛书相关作品
  • 出版社相关作品

书目信息

  • 表格格式
  • 工作单格式
  • 卡片格式
题名:
关于美国教育改革的演讲
    
 
作者: 博耶 , Boyer 著 ;涂艳国 , 方彤 译
分册:  
出版信息: 北京   教育科学出版社  2002
页数: 148页
开本: 23cm
丛书名:
单 册:
中图分类: G571.21
科图分类:
主题词: 教育改革--美国
电子资源:
ISBN: 7-5041-2261-0
000 01300nam0 2200289 450
001 1561115900
005 20150126165856.67
010    @a7-5041-2261-0@dCNY18.00
100    @a20020427d2002 ekmy0chiy0121 ea
101 1  @achi@ceng
102    @aCN@b110000
105    @ay z 000yy
200 1  @a关于美国教育改革的演讲@9guan yu mei guo jiao yu gai ge de yan jiang@e1979-1995@f(美) 欧内斯特·L·博耶著@g涂艳国, 方彤译
210    @a北京@c教育科学出版社@d2002
215    @a148页@d23cm
320    @a有书目 (第141-144页) 。
330    @a版权贸易合同号:01-2000-4422本书是美国当代著名教育家欧内斯特.L.博耶博士的演讲选集。博耶博士曾任纽约州立大学校长、美国联邦教育署长、卡内基教学促进基金会主席,对美国教育有系统而深入的研究,他的许多著作被认为在美国教育研究工作中具有里程碑的意义。本书是他逝世前从众多的演讲手稿里挑选的12篇最能代表他的思想的演说,涉及到各个层次的教育问题,不仅对美国、对包括中国在内的所有国家的教育改革都具有深刻的启示意义。
333    @a读者对象:关心教育问题的所有人员
510 1  @aSelected Speeches 1979-1995@zeng
606 0  @a教育改革@y美国
690    @aG571.21@v5
701  1 @a博耶@9bo ye@b欧内斯特·L.@4著
701  1 @aBoyer@bErnest L.@4著
702  0 @a涂艳国@9tu yan guo@4译
702  0 @a方彤@9fang tong@4译
801  0 @aCN@bTSSF@c20150126
905    @aZUCC@dG571.21@eJY1
    
    关于美国教育改革的演讲:1979-1995/(美) 欧内斯特·L·博耶著/涂艳国, 方彤译.-北京:教育科学出版社,2002
    148页;23cm
    使用对象:读者对象:关心教育问题的所有人员
    
    ISBN 7-5041-2261-0:CNY18.00
    版权贸易合同号:01-2000-4422本书是美国当代著名教育家欧内斯特.L.博耶博士的演讲选集。博耶博士曾任纽约州立大学校长、美国联邦教育署长、卡内基教学促进基金会主席,对美国教育有系统而深入的研究,他的许多著作被认为在美国教育研究工作中具有里程碑的意义。本书是他逝世前从众多的演讲手稿里挑选的12篇最能代表他的思想的演说,涉及到各个层次的教育问题,不仅对美国、对包括中国在内的所有国家的教育改革都具有深刻的启示意义。
●
相关链接 在E读中查询图书 在五车中查询图书 在当当中查询图书 在豆瓣中查询图书


正题名:关于美国教育改革的演讲     索取号:G571.21/JY1         预约/预借

序号 登录号 条形码 馆藏地/架位号 状态 备注
1 7861113   278611138   学院路分馆/ [索取号:G571.21/JY1] 在馆    
唐山师范学院图书馆 欢迎您!
大连网信软件有限公司© 版权所有